000 00776nam a2200193 a 4500
001 000046191
005 20240228142134.0
008 150703s2015 dr ac r 000 0 spa d
020 _a9789945423310
040 _aDO-SdBNP
_bspa
_cBNPHU
082 _axxxx
_bxxxx
100 1 _aSánchez R., Edis A.
_974238
245 1 3 _aUn año de cultura tradicional dominicana :
_binvestigación del Grupo de Folklore de UNAPEC, julio de 2009 - junio 2010 /
_cEdis A. Sánchez R. ; prólogo Carlos Andújar.
260 _aSanto Domingo :
_bUNAPEC,
_c2015.
300 _a159 p. :
_bil., retrs. + CD-ROM) ;
_c23 cm.
500 _aIncluye datos biográficos del autor en la solapa de la cubierta.
700 1 2 _aAndújar Persinal, Carlos,
_d1956-
_epról.
_97737
710 2 2 _aUniversidad APEC
_930673
999 _c45680
_d45680